000
00210 a2200109 4500
020
_a
8423793992024
041
_a
spa
100
_a
Willian Shakespeare
245
_a
Romeo y Julieta
942
_c
BK
952
_7
1
999
_c
23356
_d
23356